TV Shows by Novelty Playing Card Quiz Stats

 Plays Quiz Updated Apr 27, 2018

Challenge
Share
Tweet
Score 0/25 Timer 05:00
5 Plays Today
% Correct
Star Trek
99.1%
The Simpsons
96.7%
Scooby-Doo, Where Are You!
95.8%
SpongeBob SquarePants
95.1%
The Flintstones
93.8%
The Muppet Show
93.5%
Family Guy
93.3%
Breaking Bad
90.8%
Cheers
90.1%
Game of Thrones
89.5%
Seinfeld
88.5%
Buffy the Vampire Slayer
83.8%
The Sopranos
81.6%
% Correct
Mork & Mindy
80%
CSI: Crime Scene Investigation
76.9%
Doctor Who
72.9%
The Walking Dead
72.8%
All in the Family
68%
Mad Men
59.3%
Green Acres
50.3%
Gilligan's Island
47.6%
Gunsmoke
45.5%
The George Burns and Gracie Allen Show
28.3%
Supernatural
19.4%
Twin Peaks
10.5%

You're not logged in!

Compare scores with friends on all Sporcle quizzes.
OR
Log In

You Might Also Like...

Show Comments

Extras

Top Quizzes Today


Score Distribution

Your Account Isn't Verified!

In order to create a playlist on Sporcle, you need to verify the email address you used during registration. Go to your Sporcle Settings to finish the process.

Report this User

Report this user for behavior that violates our Community Guidelines.

Details: